Les argentins en Ligue 1 (2020-2026) - Statistiques

Statistiques générales
  • Ce quiz a été pris 54 fois
  • Le résultat moyen est 9 sur 20
Statistiques - réponses
Nb de saisons Clubs Joueur % Correct
6 Lens (2020-2025), Marseille (2025-2026) Facundo Medina
90%
6 Marseille (2020-2026) Leonardo Balerdi
90%
2 Paris-SG (2020-2022) Angel Di Maria
88%
4 Lyon (2022-2026) Nicolas Tagliafico
82%
3 Paris-SG (2020-2023) Leandro Paredes
78%
1 Strasbourg (2025-2026) Joaquin Panichelli
72%
2 Paris-SG (2021-2023) Lionel Messi
72%
2 Marseille (2024-2026) Geronimo Rulli
62%
2 Strasbourg (2024-2026) Valentin Barco
62%
2 Paris-SG (2020-2022) Mauro Icardi
54%
2 Marseille (2020-2022) Dario Benedetto
42%
1 Lyon (2024-2025) Thiago Almada
28%
2 Nice (2020-2022) Walter Benitez
24%
1 Marseille (2023-2024) Joaquin Correa
20%
1 Toulouse (2025-2026) Santiago Hidalgo
18%
1 Marseille (2024-2025) Valentin Carboni
14%
1 Strasbourg (2025-2026) Aaron Anselmino
8%
1 Toulouse (2025-2026) Julian Vignolo
6%
1 Lille (2023-2024) Ignacio Miramon
4%
1 Brest (2022-2023) Joaquin Blazquez
4%
Aucun quiz correspondant
Distribution des résultats
% des personnes avec chaque résultat
Percentile par nombre de réponses
Votre historique - résultats
Vous n’avez pas pris ce quiz